[Event "Irish Championship 2017"]
[Site "Ennis IRL"]
[Date "2017.07.31"]
[Round "3.4"]
[White "Wall, Gavin"]
[Black "Delaney, Killian"]
[Result "1-0"]
[WhiteTitle "IM"]
[WhiteElo "2329"]
[BlackElo "2247"]
[WhiteICU "2306"]
[BlackICU "2218"]
[WhiteClub "Richmond ENG"]
[BlackClub "Gonzaga"]
[WhiteNationality "IRL"]
[BlackNationality "IRL"]
[WhiteFideId "2501244"]
[BlackFideId "2501570"]
[PlyCount "85"]
[EventDate "2017.07.29"]

{ Event information: <a
href="https://www.irlchess.com/irlch2017_allfiles/pairings_irlch2017.html">Tournament
report</a>. }

1. e4 c6 2. d4 d5 3. e5 Bf5 4. Be3 Qb6 5. b3 e6 6. Nf3 Nd7 7. Be2 f6 8. O-O
fxe5 9. Nxe5 Nxe5 10. dxe5 Bc5 11. Bxc5 Qxc5 12. c3 Bxb1 13. Rxb1 Qxc3 14.
Bg4 Kd7 15. b4 Nh6 16. b5 Rab8 17. Bh3 Nf5 18. bxc6+ bxc6 19. Bxf5 exf5 20.
e6+ Kxe6 21. Rc1 Qa5 22. Rxc6+ Kf7 $10 23. Qc2 Rhe8 24. Rc5 Qa6 25. Qxf5+
Kg8 26. Qxd5+ Qe6 27. Qd4 Red8 28. Qc3 Rbc8 29. Rc7 Rxc7 30. Qxc7 Qd7 31.
Qa5 Qd5 32. Qa6 h5 33. h4 Kh7 34. Re1 Qd4 35. g3 Rd6 36. Qe2 Qd5 37. Qc2+
Kh6 38. Kh2 Rc6 39. Qb2 Rb6 40. Qc1+ Kh7 41. Qc2+ Kh6 $2 42. Re8 g6 43.
Qc1+ 1-0

[Event "Irish Championship 2017"]
[Site "Ennis IRL"]
[Date "2017.07.31"]
[Round "3.5"]
[White "Quinn, Rory"]
[Black "Short, Philip"]
[Result "0-1"]
[BlackTitle "FM"]
[WhiteElo "2140"]
[BlackElo "2283"]
[WhiteICU "2099"]
[BlackICU "2246"]
[WhiteClub "Ennis"]
[WhiteNationality "IRL"]
[BlackNationality "IRL"]
[WhiteFideId "2501643"]
[BlackFideId "2500086"]
[PlyCount "78"]
[EventDate "2017.07.29"]

{ Event information: <a
href="https://www.irlchess.com/irlch2017_allfiles/pairings_irlch2017.html">Tournament
report</a>. }

1. e4 e6 2. d4 d5 3. Nc3 Bb4 4. e5 Qd7 5. Qg4 f5 6. Qg3 b6 7. Nh3 Ba6 8.
Bxa6 Nxa6 9. Bd2 Bf8 10. O-O c5 11. Ne2 Ne7 12. Nhf4 Nc7 13. dxc5 bxc5 14.
Ba5 Rc8 15. Rfd1 Nc6 16. Bxc7 Rxc7 17. c4 d4 18. a3 a5 19. Nd3 a4 20. Nef4
Na5 21. Rac1 g6 22. Nxe6 $4 (22. h4 $10) 22... Qxe6 23. Nf4 Qc6 24. Nd5 Bg7
25. e6 Rb7 26. Qg5 O-O 27. Ne7+ Rxe7 28. Qxe7 Nb3 29. Rc2 Kh8 30. Re2 Qe8
31. Qa7 Bf6 32. Qc7 Be7 33. Qe5+ Kg8 34. Rd3 Nc1 35. Rdd2 Nxe2+ 36. Rxe2
Qb8 37. Qd5 Rd8 38. Qc6 Qb3 39. Rd2 Qxc4 0-1

[Event "Irish Championship 2017"]
[Site "Ennis IRL"]
[Date "2017.07.31"]
[Round "3.6"]
[White "MacElligott, Gerard"]
[Black "Fox, Anthony"]
[Result "0-1"]
[WhiteTitle "CM"]
[WhiteElo "2015"]
[BlackElo "2016"]
[WhiteICU "1952"]
[BlackICU "1991"]
[WhiteClub "Elm Mount"]
[BlackClub "Dun Laoghaire"]
[WhiteNationality "IRL"]
[BlackNationality "IRL"]
[WhiteFideId "2500647"]
[BlackFideId "2500736"]
[PlyCount "146"]
[EventDate "2017.07.29"]

{ Event information: <a
href="https://www.irlchess.com/irlch2017_allfiles/pairings_irlch2017.html">Tournament
report</a>. }

1. d4 d5 2. Bf4 Nf6 3. e3 e6 4. Nf3 c5 5. c3 Nc6 6. Nbd2 Qb6 7. Rb1 Be7 8.
Bd3 O-O 9. Ne5 Nxe5 10. dxe5 Nd7 11. Nf3 f6 12. O-O fxe5 13. Nxe5 Nf6 14.
g4 Nd7 15. Qc2 Nf6 16. b3 Bd6 17. g5 Ne4 $2 18. Bxe4 dxe4 19. Nc4 $18 Qc6
20. Nxd6 Rxf4 21. exf4 Qxd6 22. Qxe4 Bd7 23. Rbd1 Qc7 24. Qe5 Qxe5 25. fxe5
Bc6 26. f4 g6 27. Rd6 Kf7 28. Kf2 Ke7 29. Ke3 Rh8 30. Kf2 h6 31. Kg3 Rf8
32. Rf2 Rf5 33. h4 h5 34. Kh2 Rf8 35. Kg1 a5 36. Kf1 a4 37. b4 Rc8 38. Ke1
cxb4 39. cxb4 Bd5 40. Rb6 Rc1+ 41. Kd2 Rh1 42. Ke3 Rxh4 43. Kd4 Rh1 44. Kc5
h4 45. Rd2 h3 46. Rxd5 Rc1+ 47. Kb5 exd5 48. Rxb7+ Ke6 49. Rh7 Rc3 50. Kxa4
$2 (50. Ka6 $10) 50... d4 51. b5 d3 52. Rxh3 d2 53. Rxc3 d1=Q+ 54. Rb3 Qd2
55. a3 Qxf4+ 56. Rb4 Qxg5 57. b6 Qxe5 { Lomonosov tablebase draw. } 58. b7
Qb8 59. Kb3 Kd6 60. a4 Kc7 61. Rc4+ $2 (61. Kc2 $1 { is the only move to
draw. }) 61... Kb6 62. Rb4+ Ka7 63. a5 g5 64. Kc3 g4 65. Rxg4 Qxb7 66. Rd4
Ka6 67. Rd6+ Kxa5 68. Rd4 Qc6+ 69. Rc4 Qd5 70. Rd4 Qe6 71. Kd3 Kb5 72. Re4
Qf6 73. Rg4 Qf3+ 0-1

[Event "Irish Championship 2017"]
[Site "Ennis IRL"]
[Date "2017.07.31"]
[Round "3.7"]
[White "Melaugh, Shane"]
[Black "Mirza, Diana"]
[Result "1-0"]
[BlackTitle "WFM"]
[WhiteElo "1928"]
[BlackElo "1918"]
[WhiteICU "1970"]
[BlackICU "1946"]
[WhiteClub "Elm Mount"]
[BlackClub "St. Michael's"]
[WhiteNationality "IRL"]
[BlackNationality "IRL"]
[WhiteFideId "2509580"]
[BlackFideId "2503999"]
[PlyCount "59"]
[EventDate "2017.07.29"]

{ Event information: <a
href="https://www.irlchess.com/irlch2017_allfiles/pairings_irlch2017.html">Tournament
report</a>. }

1. c4 c5 2. Nc3 Nc6 3. g3 g6 4. Bg2 Bg7 5. e3 d6 6. Nge2 e5 7. O-O Nge7 8.
d3 O-O 9. Rb1 Be6 10. a3 d5 11. Qa4 a5 12. cxd5 Nxd5 13. Ne4 Nb6 14. Qc2
Nd7 15. N2c3 c4 16. dxc4 Bxc4 17. Rd1 Qe7 18. Nd6 Ba6 19. b4 Nd4 20. exd4
Qxd6 21. b5 Rac8 22. bxa6 bxa6 23. dxe5 Qxe5 24. Bf4 Qxc3 25. Qxc3 Rxc3 26.
Rxd7 Re8 27. Bd5 Rf8 28. Bd6 Rfc8 29. Bxf7+ Kh8 30. Rbb7 1-0

[Event "Irish Championship 2017"]
[Site "Ennis IRL"]
[Date "2017.07.31"]
[Round "3.8"]
[White "Melaugh, Gavin"]
[Black "Tirziman, Rudolf"]
[Result "1/2-1/2"]
[WhiteElo "1907"]
[BlackElo "1955"]
[WhiteICU "1894"]
[BlackICU "1934"]
[WhiteClub "Elm Mount"]
[BlackClub "Blanchardstown"]
[WhiteNationality "IRL"]
[BlackNationality "IRL"]
[WhiteFideId "2509571"]
[BlackFideId "2508664"]
[PlyCount "160"]
[EventDate "2017.07.29"]

{ Event information: <a
href="https://www.irlchess.com/irlch2017_allfiles/pairings_irlch2017.html">Tournament
report</a>. }

1. d4 e6 2. Bf4 Nf6 3. e3 c5 4. c3 cxd4 5. exd4 Be7 6. Bd3 d6 7. Nf3 Nbd7
8. Nbd2 b6 9. O-O O-O 10. a4 a6 11. Nc4 Qc7 12. Qe2 Re8 13. Na3 Bb7 14. Bg3
Nh5 15. Nc4 Nxg3 16. hxg3 Bf6 17. Qc2 g6 18. Ne3 Bg7 19. Be4 Nf6 20. Bxb7
Qxb7 21. Nd2 d5 22. f4 Qc6 23. Qd3 Reb8 24. Nc2 Bf8 25. Ne1 b5 26. axb5
axb5 27. Nef3 b4 28. Ne5 Qb7 29. Rxa8 Rxa8 30. g4 Bd6 31. g5 Nd7 32. g4
Nxe5 33. dxe5 Bc5+ 34. Kh2 bxc3 35. bxc3 Ra2 36. Rd1 Qb2 37. Kh1 Qc2 38.
Qxc2 Rxc2 39. c4 Be3 40. Nf3 Rxc4 41. f5 Rc1 42. Rxc1 Bxc1 43. fxe6 fxe6
44. Kg2 Kf7 45. Kf2 Ke7 46. Ke2 Kd7 47. Kd3 Bf4 48. Ke2 Bc1 49. Kd3 Bb2 50.
Kc2 Ba1 51. Kb1 Bxe5 $2 (51... Bc3 $19) 52. Nxe5+ Kd6 53. Nf7+ Kc5 54. Kc2
Kd4 55. Nd8 e5 56. Kd2 Ke4 57. Ne6 Kf3 58. Nf8 Kf2 59. Ne6 Kf3 60. Nf8 e4
61. Ke1 d4 62. Nxh7 Kxg4 63. Nf6+ Kxg5 64. Nxe4+ Kf4 65. Nf2 Kf3 66. Nd3
Ke3 67. Nf2 g5 68. Ng4+ Kf3 69. Nf2 g4 70. Nxg4 Kxg4 71. Ke2 Kf4 72. Kd3
Ke5 73. Kd2 Kd6 74. Kd3 Kc5 75. Kd2 Kc4 76. Kc2 d3+ 77. Kd2 Kd4 78. Kd1 Ke3
79. Ke1 d2+ 80. Kd1 Kd3 1/2-1/2

[Event "Irish Championship 2017"]
[Site "Ennis IRL"]
[Date "2017.08.01"]
[Round "4.1"]
[White "Baburin, Alexander"]
[Black "Lopez, Alex"]
[Result "1/2-1/2"]
[WhiteTitle "GM"]
[BlackTitle "IM"]
[WhiteElo "2473"]
[BlackElo "2431"]
[WhiteICU "2419"]
[BlackICU "2441"]
[WhiteClub "Kilkenny"]
[WhiteNationality "IRL"]
[BlackNationality "IRL"]
[WhiteFideId "2500914"]
[BlackFideId "2501430"]
[PlyCount "25"]
[EventDate "2017.07.29"]

{ Event information: <a
href="https://www.irlchess.com/irlch2017_allfiles/pairings_irlch2017.html">Tournament
report</a>. }

1. d4 d5 2. c4 c6 3. Nf3 Nf6 4. e3 Bg4 5. Nbd2 e6 6. Bd3 Nbd7 7. O-O Bd6 8.
h3 Bh5 9. b3 O-O 10. Bb2 Re8 11. Qc2 e5 12. dxe5 Nxe5 13. Nxe5 1/2-1/2

[Event "Irish Championship 2017"]
[Site "Ennis IRL"]
[Date "2017.08.01"]
[Round "4.2"]
[White "O'Donnell, Conor"]
[Black "Wall, Gavin"]
[Result "1-0"]
[WhiteTitle "FM"]
[BlackTitle "IM"]
[WhiteElo "2389"]
[BlackElo "2329"]
[WhiteICU "2361"]
[BlackICU "2290"]
[WhiteClub "Gonzaga"]
[BlackClub "Richmond ENG"]
[WhiteNationality "IRL"]
[BlackNationality "IRL"]
[WhiteFideId "2504243"]
[BlackFideId "2501244"]
[PlyCount "45"]
[EventDate "2017.07.29"]

{ Event information: <a
href="https://www.irlchess.com/irlch2017_allfiles/pairings_irlch2017.html">Tournament
report</a>. } { Reference: <a
href="http://www.irishchesscogitations.com/blog/baburin-set-to-win-2017-irish-championships/">BABURIN
SET TO WIN 2017 IRISH CHAMPIONSHIPS?</a>, Colm Daly, Irish Chess
Cogitations blog, August 4, 2017. }

1. d4 Nf6 2. c4 e6 3. Nc3 Bb4 4. Qc2 O-O 5. Nf3 c5 6. dxc5 Na6 7. g3 Nxc5
8. Bg2 Nce4 9. O-O Nxc3 10. bxc3 Bc5 11. e4 d6 12. e5 dxe5 13. Nxe5 Qc7 14.
Qe2 Nd7 15. Bf4 Nxe5 16. Bxe5 Bd6 17. Rfe1 Bxe5 18. Qxe5 Qxc4 19. a4 f6 20.
Qd6 a5 21. Red1 Kf7 22. Rab1 Ra7 $4 (22... h6 $14) 23. Qb8 1-0

[Event "Irish Championship 2017"]
[Site "Ennis IRL"]
[Date "2017.08.01"]
[Round "4.3"]
[White "Short, Philip"]
[Black "Daly, Colm"]
[Result "1-0"]
[WhiteTitle "FM"]
[BlackTitle "FM"]
[WhiteElo "2283"]
[BlackElo "2301"]
[WhiteICU "2287"]
[BlackICU "2268"]
[BlackClub "Bray/Greystones"]
[WhiteNationality "IRL"]
[BlackNationality "IRL"]
[WhiteFideId "2500086"]
[BlackFideId "2500434"]
[PlyCount "123"]
[EventDate "2017.07.29"]

{ Event information: <a
href="https://www.irlchess.com/irlch2017_allfiles/pairings_irlch2017.html">Tournament
report</a>. } { Reference: <a
href="http://www.irishchesscogitations.com/blog/baburin-set-to-win-2017-irish-championships/">BABURIN
SET TO WIN 2017 IRISH CHAMPIONSHIPS?</a>, Colm Daly, Irish Chess
Cogitations blog, August 4, 2017. }

1. d4 Nf6 2. c4 e6 3. Nc3 d5 4. Bg5 c6 5. e3 Nbd7 6. Nf3 Qa5 7. Nd2 dxc4 8.
Bxf6 Nxf6 9. Nxc4 Qc7 10. Be2 Be7 11. O-O O-O 12. Rc1 Rd8 13. Qc2 Bd7 14.
Rfd1 Rac8 15. Ne5 Be8 16. Ne4 h6 17. Nxf6+ Bxf6 18. f4 Qb8 19. Qe4 g6 20.
b4 Bg7 21. Bc4 Qd6 22. a3 Rc7 23. Bb3 Qe7 24. h3 a5 25. Nd3 Ra8 26. Ra1
Rcc8 27. Qf3 b6 28. Ra2 axb4 29. axb4 Rxa2 30. Bxa2 Ra8 31. Qe2 Ra3 32. Qc2
Bf8 33. Bb3 g5 34. g3 Qf6 35. Kh2 Qf5 36. Qb2 Ra8 37. Qg2 Ra3 38. Qb2 Ra7
39. Qg2 Qb5 40. Qd2 Ra3 41. Bc2 Ra2 42. Qc3 Qd5 43. Nc1 $2 (43. Rd2 $15)
43... Ra7 $2 (43... Bxb4 $1 $17) 44. e4 Qb5 45. Nd3 Ra2 46. Rd2 Bg7 $2 (
46... Qa6 $10) 47. Nc1 Ra7 48. Bd3 $18 Qa4 49. Ra2 Qxa2+ 50. Nxa2 Rxa2+ 51.
Kg1 gxf4 52. gxf4 Ra4 53. Bc2 Ra8 54. e5 Rd8 55. f5 exf5 56. Bxf5 Bf8 57.
Be4 Bg7 58. Kf2 f6 59. Bxc6 Bxc6 60. Qxc6 Rxd4 61. e6 Bf8 62. Qe8 1-0

[Event "Irish Championship 2017"]
[Site "Ennis IRL"]
[Date "2017.08.01"]
[Round "4.4"]
[White "Scott, Luke"]
[Black "Li, Henry"]
[Result "0-1"]
[WhiteElo "1682"]
[BlackElo "2247"]
[WhiteICU "1798"]
[BlackICU "2172"]
[WhiteClub "Blanchardstown"]
[BlackClub "Gonzaga"]
[WhiteNationality "IRL"]
[BlackNationality "IRL"]
[WhiteFideId "2507986"]
[BlackFideId "2508524"]
[PlyCount "56"]
[EventDate "2017.07.29"]

{ Event information: <a
href="https://www.irlchess.com/irlch2017_allfiles/pairings_irlch2017.html">Tournament
report</a>. }

1. d4 Nf6 2. c4 g6 3. Nc3 Bg7 4. e4 d6 5. Be2 O-O 6. Nf3 e5 7. O-O Nc6 8.
d5 Ne7 9. Bg5 Nh5 10. Ne1 Nf4 11. Nd3 Nxe2+ 12. Qxe2 h6 13. Be3 g5 14. c5
Ng6 15. Rac1 f5 16. f3 Nf4 17. Qc2 fxe4 18. fxe4 Bg4 19. Nf2 Bh5 20. g3 Bf3
21. Bxf4 exf4 22. g4 h5 23. h3 hxg4 24. hxg4 Qd7 25. Qd3 Bxg4 26. b4 Bh5
27. Qh3 Qxh3 28. Nxh3 Bd4+ 0-1

[Event "Irish Championship 2017"]
[Site "Ennis IRL"]
[Date "2017.08.01"]
[Round "4.5"]
[White "Fox, Anthony"]
[Black "Melaugh, Shane"]
[Result "1/2-1/2"]
[WhiteElo "2016"]
[BlackElo "1985"]
[WhiteICU "1968"]
[BlackICU "1929"]
[WhiteClub "Dun Laoghaire"]
[BlackClub "Elm Mount"]
[WhiteNationality "IRL"]
[BlackNationality "IRL"]
[WhiteFideId "2500736"]
[BlackFideId "2509580"]
[PlyCount "48"]
[EventDate "2017.07.29"]

{ Event information: <a
href="https://www.irlchess.com/irlch2017_allfiles/pairings_irlch2017.html">Tournament
report</a>. }

1. e4 c5 2. Nc3 Nc6 3. g3 e6 4. Bg2 Be7 5. f4 Nf6 6. d3 d5 7. e5 Nd7 8. Nf3
O-O 9. O-O a6 10. a4 f6 11. exf6 Nxf6 12. Qe2 Rb8 13. Bh3 Qd6 14. Bd2 Re8
15. Rae1 Bd8 16. Qd1 Bc7 17. Ne5 Qd8 18. b3 Bd6 19. Nxc6 bxc6 20. Qf3 e5
21. Bxc8 Qxc8 22. fxe5 Bxe5 23. Ne2 Qd7 24. Qf5 Qxf5 1/2-1/2

[Event "Irish Championship 2017"]
[Site "Ennis IRL"]
[Date "2017.08.01"]
[Round "4.6"]
[White "Delaney, Killian"]
[Black "MacElligott, Gerard"]
[Result "1-0"]
[BlackTitle "CM"]
[WhiteElo "2247"]
[BlackElo "2015"]
[WhiteICU "2179"]
[BlackICU "1959"]
[WhiteClub "Gonzaga"]
[BlackClub "Elm Mount"]
[WhiteNationality "IRL"]
[BlackNationality "IRL"]
[WhiteFideId "2501570"]
[BlackFideId "2500647"]
[PlyCount "113"]
[EventDate "2017.07.29"]

{ Event information: <a
href="https://www.irlchess.com/irlch2017_allfiles/pairings_irlch2017.html">Tournament
report</a>. }

1. e4 c5 2. Nf3 Nc6 3. c3 e6 4. d4 d5 5. exd5 exd5 6. Bb5 Bd6 7. dxc5 Bxc5
8. O-O Ne7 9. Nbd2 O-O 10. Nb3 Bb6 11. Re1 Bg4 12. h3 Bh5 13. Be3 Re8 14.
Nbd4 Qd6 15. Be2 Rad8 16. Nb5 Qd7 17. Bxb6 axb6 18. Nfd4 Bg6 19. Bg4 f5 20.
Bh5 Nxd4 21. Nxd4 Nc6 22. Rxe8+ Rxe8 23. Bxg6 hxg6 24. Nf3 b5 25. Qb3 Ne5
26. Nd4 Nc4 27. Rd1 Re4 28. Qc2 Qe8 29. Kf1 Qe5 30. Nf3 Qd6 31. b3 Ne5 32.
Qd2 d4 33. Nxd4 Qb6 34. Nf3 Nxf3 35. Qd8+ Qxd8 36. Rxd8+ Kf7 37. gxf3 Re7
38. Rd5 Kf6 39. Rxb5 Kg5 40. Kg2 Rc7 41. c4 Kh4 42. Rb6 g5 43. Rb5 f4 44.
c5 Rd7 45. b4 g4 46. hxg4 Re7 47. Rb6 Rc7 48. a4 Rd7 49. a5 Re7 50. a6 bxa6
51. Rxa6 Rb7 52. Rb6 Rd7 53. Rd6 Rb7 54. Rd4 Rf7 55. c6 Rc7 56. b5 g5 57.
Rd1 1-0

[Event "Irish Championship 2017"]
[Site "Ennis IRL"]
[Date "2017.08.01"]
[Round "4.7"]
[White "Melaugh, Gavin"]
[Black "Quinn, Rory"]
[Result "0-1"]
[WhiteElo "1936"]
[BlackElo "2140"]
[WhiteICU "1929"]
[BlackICU "2089"]
[WhiteClub "Elm Mount"]
[BlackClub "Ennis"]
[WhiteNationality "IRL"]
[BlackNationality "IRL"]
[WhiteFideId "2509571"]
[BlackFideId "2501643"]
[PlyCount "77"]
[EventDate "2017.07.29"]

{ Event information: <a
href="https://www.irlchess.com/irlch2017_allfiles/pairings_irlch2017.html">Tournament
report</a>. }

1. d4 d5 2. Bf4 c5 3. e3 Nc6 4. c3 Nf6 5. Nf3 Qb6 6. Qb3 c4 7. Qc2 Bf5 8.
Qc1 e6 9. Nbd2 Be7 10. h3 h6 11. Be2 O-O 12. g4 Bg6 13. g5 hxg5 14. Bxg5
Rfe8 15. h4 e5 16. dxe5 Ng4 17. h5 Bh7 18. Bf4 Bc5 19. Ng5 Ncxe5 20. Nxh7
Nxe3 21. fxe3 Bxe3 22. Bxe5 Rxe5 23. Qc2 Bf2+ 24. Kf1 Bg3 25. Rh2 Bxh2 26.
Nf3 Rae8 27. Nd4 Qh6 28. Kg2 Qxh7 29. Qd2 Qh6 30. Qxh6 gxh6 31. Kxh2 Rxe2+
32. Nxe2 Rxe2+ 33. Kg3 Rxb2 34. Rd1 Rxa2 35. Rxd5 Ra3 36. Rd7 Rxc3+ 37. Kf4
b5 38. Rxa7 b4 39. Ke5 0-1

[Event "Irish Championship 2017"]
[Site "Ennis IRL"]
[Date "2017.08.01"]
[Round "4.8"]
[White "Tirziman, Rudolf"]
[Black "Mirza, Diana"]
[Result "1/2-1/2"]
[BlackTitle "WFM"]
[WhiteElo "1926"]
[BlackElo "1901"]
[WhiteICU "1913"]
[BlackICU "1872"]
[WhiteClub "Blanchardstown"]
[BlackClub "St. Michael's"]
[WhiteNationality "IRL"]
[BlackNationality "IRL"]
[WhiteFideId "2508664"]
[BlackFideId "2503999"]
[PlyCount "24"]
[EventDate "2017.07.29"]

{ Event information: <a
href="https://www.irlchess.com/irlch2017_allfiles/pairings_irlch2017.html">Tournament
report</a>. }

1. e4 d6 2. d4 Nf6 3. Nc3 e5 4. Nf3 Nbd7 5. Bc4 Be7 6. O-O O-O 7. a4 c6 8.
Ba2 exd4 9. Nxd4 Ne5 10. h3 Re8 11. Re1 Qc7 12. Rb1 a6 1/2-1/2

[Event "Irish Championship 2017"]
[Site "Ennis IRL"]
[Date "2017.08.02"]
[Round "5.1"]
[White "O'Donnell, Conor"]
[Black "Baburin, Alexander"]
[Result "1/2-1/2"]
[WhiteTitle "FM"]
[BlackTitle "GM"]
[WhiteElo "2389"]
[BlackElo "2473"]
[WhiteICU "2361"]
[BlackICU "2419"]
[WhiteClub "Gonzaga"]
[BlackClub "Kilkenny"]
[WhiteNationality "IRL"]
[BlackNationality "IRL"]
[WhiteFideId "2504243"]
[BlackFideId "2500914"]
[PlyCount "103"]
[EventDate "2017.07.29"]

{ Event information: <a
href="https://www.irlchess.com/irlch2017_allfiles/pairings_irlch2017.html">Tournament
report</a>. }

1. d4 d5 2. c4 e6 3. Nc3 Nf6 4. Nf3 Nbd7 5. Bg5 c6 6. e3 Qa5 7. Nd2 dxc4 8.
Bxf6 Nxf6 9. Nxc4 Qc7 10. Rc1 Be7 11. g3 c5 12. Bg2 O-O 13. Qb3 cxd4 14.
exd4 Bd7 15. Ne5 Bc6 16. Nxc6 bxc6 17. O-O Rab8 18. Qc2 Qb6 19. Na4 Qxd4
20. Rfd1 Qg4 21. Qxc6 Nd5 $6 (21... Rbd8 $10) 22. h3 Qh5 23. Bxd5 exd5 24.
Qxd5 Qxh3 25. Qd7 Qe6 26. Qxe6 fxe6 27. Rc7 Bf6 28. Rxa7 Bxb2 29. Nxb2 Rxb2
30. Rdd7 Rfxf2 31. Rxg7+ Kf8 32. Rxh7 Kg8 33. Rhd7 Rbe2 34. Rd8+ Rf8 35.
Rxf8+ Kxf8 36. Kf1 Rc2 37. a4 Ra2 38. a5 e5 39. a6 e4 40. g4 e3 41. g5 Kg8
42. g6 Rf2+ 43. Ke1 Rf6 44. g7 Re6 45. Ke2 Kh7 46. Ra8 Kxg7 47. a7 Ra6 48.
Kxe3 Ra1 49. Kd4 Rd1+ 50. Kc4 Rc1+ 51. Kb3 Ra1 52. Kb2 1/2-1/2

[Event "Irish Championship 2017"]
[Site "Ennis IRL"]
[Date "2017.08.02"]
[Round "5.2"]
[White "Lopez, Alex"]
[Black "Short, Philip"]
[Result "0-1"]
[WhiteTitle "IM"]
[BlackTitle "FM"]
[WhiteElo "2431"]
[BlackElo "2283"]
[WhiteICU "2441"]
[BlackICU "2287"]
[WhiteNationality "IRL"]
[BlackNationality "IRL"]
[WhiteFideId "2501430"]
[BlackFideId "2500086"]
[PlyCount "76"]
[EventDate "2017.07.29"]

{ Event information: <a
href="https://www.irlchess.com/irlch2017_allfiles/pairings_irlch2017.html">Tournament
report</a>. }

1. Nf3 d5 2. d4 Nf6 3. Bf4 e6 4. e3 Bd6 5. Ne5 O-O 6. Nd2 c5 7. c3 Nc6 8.
Ndf3 cxd4 9. exd4 Ne4 10. Bd3 f5 11. O-O Ne7 12. Re1 h6 13. h4 Bd7 14. Be2
Be8 15. Nd3 Bxf4 16. Nxf4 Qd6 17. Qc1 Rc8 18. a4 Nc6 19. Nd3 Qe7 20. Qe3 g5
21. hxg5 hxg5 22. Nfe5 Kg7 23. Nxc6 bxc6 24. Bf3 Rh8 25. g3 Bg6 26. Bg2 Qf6
27. f4 g4 28. Bxe4 fxe4 29. Ne5 Bf5 30. Kg2 Rh3 31. Qe2 $2 (31. Re2 $15)
31... Rch8 $19 32. Rh1 e3 (32... Qh6 $1) 33. Rxh3 Rxh3 34. Nxg4 Qg6 35.
Qxe3 Qxg4 36. Rg1 Be4+ 37. Kf2 Rh2+ 38. Ke1 Rxb2 0-1

[Event "Irish Championship 2017"]
[Site "Ennis IRL"]
[Date "2017.08.02"]
[Round "5.3"]
[White "Daly, Colm"]
[Black "Li, Henry"]
[Result "1-0"]
[WhiteTitle "FM"]
[WhiteElo "2301"]
[BlackElo "2247"]
[WhiteICU "2268"]
[BlackICU "2172"]
[WhiteClub "Bray/Greystones"]
[BlackClub "Gonzaga"]
[WhiteNationality "IRL"]
[BlackNationality "IRL"]
[WhiteFideId "2500434"]
[BlackFideId "2508524"]
[PlyCount "107"]
[EventDate "2017.07.29"]

{ Event information: <a
href="https://www.irlchess.com/irlch2017_allfiles/pairings_irlch2017.html">Tournament
report</a>. }

1. d4 Nf6 2. c4 g6 3. Nc3 Bg7 4. e4 d6 5. Nf3 O-O 6. Be2 e5 7. O-O exd4 8.
Nxd4 Re8 9. f3 c6 10. Nc2 Na6 11. Rb1 Nc7 12. Bg5 h6 13. Bh4 g5 14. Bf2 d5
15. exd5 cxd5 16. c5 Bf5 17. Bd3 Bxd3 18. Qxd3 Ne6 19. Rfd1 Rc8 20. Qb5 Qe7
21. b4 b6 22. Nd4 a6 23. Qxa6 Nxd4 24. Bxd4 bxc5 25. Bxf6 Qxf6 26. Qxf6
Bxf6 27. Nxd5 Be5 28. Rbc1 Ra8 29. bxc5 Rxa2 30. c6 Rb8 31. c7 Bxc7 32.
Rxc7 Rbb2 33. Ne3 Re2 34. Rc3 f5 35. Rd7 Ra8 36. Kf1 Rb2 37. Rcd3 Raa2 38.
Nd1 Rb8 39. Rd8+ Rxd8 40. Rxd8+ Kf7 41. Rd6 h5 42. Nf2 Ra1+ 43. Rd1 Ra2 44.
Ke1 Ke6 45. Rd2 Ra1+ 46. Nd1 f4 47. Kf2 Ke5 48. Nc3 Ra5 49. Rb2 Ra3 50.
Re2+ Kf5 51. Rc2 g4 52. Nb5 Rd3 53. Rc5+ Kg6 54. Nc3 1-0